[Event "FIN-chT1B 1617"]
[Site "Finland"]
[Date "2017.02.04"]
[Round "6.1"]
[White "Makinen, Ilkka"]
[Black "Gorlov, Daniil"]
[Result "1/2-1/2"]
[WhiteElo "2130"]
[BlackElo "2269"]
[PlyCount "55"]
[EventDate "2016.09.17"]
[EventType "team-tourn"]
[EventRounds "7"]
[EventCountry "FIN"]
[SourceTitle "EXT 2019"]
[Source "ChessBase"]
[SourceDate "2018.10.10"]
[SourceVersion "1"]
[SourceVersionDate "2018.10.10"]
[SourceQuality "1"]
[WhiteTeam "Helsinki HSK II"]
[BlackTeam "Lahti S"]
[WhiteTeamCountry "FIN"]
[BlackTeamCountry "FIN"]

1. Nf3 Nf6 2. g3 g6 3. Bg2 Bg7 4. 0-0 d5 5. Na3 0-0 6. c4 c6 7. d3 Nbd7 8. Rb1 e5 9. b4 a6 10. Qc2 Re8 11. e4 dxe4 12. dxe4 b5 13. Rd1 Qe7 14. Ne1 Bb7 15. Nd3 Rac8 16. c5 Red8 17. Bb2 Ne8 18. Bc3 Nc7 19. Qb2 Ne6 20. Nc2 f6 21. Rd2 a5 22. a3 axb4 23. axb4 Ndf8 24. Rdd1 Rc7 25. Qb3 Rcd7 26. Nb2 Kh8 27. Rxd7 Rxd7 28. Rd1 1/2-1/2

[Event "FIN-chT1B 1415"]
[Site "Finland"]
[Date "2015.03.14"]
[Round "7.4"]
[White "Hytonen, Harri"]
[Black "Makinen, Ilkka"]
[Result "1-0"]
[WhiteElo "2091"]
[BlackElo "2125"]
[PlyCount "61"]
[EventDate "2014.09.27"]
[EventType "team-tourn"]
[EventRounds "7"]
[EventCountry "FIN"]
[SourceTitle "EXT 2017"]
[Source "ChessBase"]
[SourceDate "2016.10.25"]
[SourceVersion "1"]
[SourceVersionDate "2016.10.25"]
[SourceQuality "1"]
[WhiteTeam "Helsinki HSK"]
[BlackTeam "Helsinki HSK II"]
[WhiteTeamCountry "FIN"]
[BlackTeamCountry "FIN"]

1. d4 g6 2. c4 Bg7 3. Nc3 d6 4. e4 Nd7 5. f4 e5 6. fxe5 dxe5 7. d5 Ngf6 8. Nf3 0-0 9. Be2 Qe7 10. Qc2 Nh5 11. Be3 Nf4 12. Bf1 Nf6 13. h3 N6h5 14. Qf2 b6 15. g3 g5 16. gxf4 exf4 17. Bd4 Ng3 18. Bxg7 Kxg7 19. Qd4+ Kg8 20. Rg1 f6 21. 0-0-0 Bb7 22. Bd3 c5 23. Qf2 Qd7 24. Rxg3 fxg3 25. Qxg3 h6 26. Nh4 Rae8 27. Nf5 Qh7 28. Nb5 Re5 29. h4 Bc8 30. Nbd6 Bd7 31. Rh1 1-0

[Event "FIN-chT1B 1415"]
[Site "Finland"]
[Date "2015.02.07"]
[Round "6.5"]
[White "Agopov, Vladimir"]
[Black "Makinen, Ilkka"]
[Result "0-1"]
[WhiteElo "2015"]
[BlackElo "2125"]
[PlyCount "110"]
[EventDate "2014.09.27"]
[EventType "team-tourn"]
[EventRounds "7"]
[EventCountry "FIN"]
[SourceTitle "EXT 2017"]
[Source "ChessBase"]
[SourceDate "2016.10.25"]
[SourceVersion "1"]
[SourceVersionDate "2016.10.25"]
[SourceQuality "1"]
[WhiteTeam "Helsinki KSK"]
[BlackTeam "Helsinki HSK II"]
[WhiteTeamCountry "FIN"]
[BlackTeamCountry "FIN"]

1. Nf3 g6 2. d4 Bg7 3. c4 d6 4. Nc3 Nd7 5. e4 e5 6. Bg5 Ngf6 7. Qd2 h6 8. Bh4 g5 9. Bg3 Nh5 10. d5 Nf4 11. h4 Qe7 12. hxg5 hxg5 13. Rxh8+ Bxh8 14. 0-0-0 Bf6 15. Bd3 Nf8 16. Bxf4 gxf4 17. Bc2 Ng6 18. Ba4+ Kf8 19. Rh1 Kg7 20. Bd1 Bd7 21. Qe1 c5 22. Nh2 a6 23. Bg4 Rh8 24. Bxd7 Qxd7 25. f3 b5 26. Ng4 Bh4 27. Qf1 b4 28. Ne2 f5 29. exf5 Qxf5 30. Qd1 e4 31. Qc2 Re8 32. b3 Qg5 33. Qb2+ Kf7 34. Kd1 exf3 35. gxf3 Ne5 36. Nxe5+ Rxe5 37. Qd2 Kg8 38. Rg1 Bg3 39. Nxg3 fxg3 40. Qg2 Re3 41. Qxg3 Qxg3 42. Rxg3+ Kf7 43. Kd2 Rc3 44. Rh3 Kg6 45. Ke2 a5 46. Rh8 Rc2+ 47. Ke3 Rxa2 48. Rd8 Rb2 49. Rxd6+ Kf5 50. Rc6 Rxb3+ 51. Ke2 a4 52. Rxc5 a3 53. Ra5 Rb2+ 54. Ke3 a2 55. c5 Rb3+ 0-1

[Event "FIN-chT1B 1112"]
[Site "Finland"]
[Date "2012.02.11"]
[Round "6.1"]
[White "Makinen, Ilkka"]
[Black "Hallenberg, Sami"]
[Result "1/2-1/2"]
[WhiteElo "2154"]
[BlackElo "2108"]
[PlyCount "37"]
[EventDate "2011.09.17"]
[EventType "team-tourn"]
[EventRounds "7"]
[EventCountry "FIN"]
[SourceTitle "EXT 2019"]
[Source "ChessBase"]
[SourceDate "2018.10.10"]
[SourceVersion "1"]
[SourceVersionDate "2018.10.10"]
[SourceQuality "1"]
[WhiteTeam "Helsinki HSK II"]
[BlackTeam "Vantaa EtVaS II"]
[WhiteTeamCountry "FIN"]
[BlackTeamCountry "FIN"]

1. Nf3 f5 2. c4 Nf6 3. Nc3 g6 4. g3 Bg7 5. Bg2 0-0 6. 0-0 d6 7. d3 e5 8. c5 Nc6 9. cxd6 cxd6 10. b4 h6 11. b5 Ne7 12. Qb3+ Kh7 13. Ba3 g5 14. Rac1 Ng6 15. Nd2 Re8 16. Nc4 Be6 17. Qa4 d5 18. Na5 Qd7 19. Nb3 1/2-1/2

[Event "Helsinki We HSK 5th"]
[Site "Helsinki"]
[Date "2012.??.??"]
[Round "4"]
[White "Makinen, Ilkka"]
[Black "Riihimaki, Pekka"]
[Result "1-0"]
[WhiteElo "2130"]
[BlackElo "1978"]
[PlyCount "75"]
[EventDate "2012.??.??"]
[EventType "swiss"]
[EventRounds "5"]
[EventCountry "FIN"]
[SourceTitle "EXT 2022"]
[Source "ChessBase"]
[SourceDate "2021.10.06"]
[SourceVersion "1"]
[SourceVersionDate "2021.10.06"]
[SourceQuality "1"]

1. f4 e5 2. e4 exf4 3. Nf3 d6 4. Bc4 Nc6 5. d4 Be7 6. Bxf4 Nf6 7. Qe2 Bg4 8. c3 0-0 9. 0-0 Qd7 10. Bb5 a6 11. Ba4 b5 12. Bc2 Rfe8 13. Nbd2 d5 14. e5 Nh5 15. Be3 g6 16. Qf2 Bxf3 17. Qxf3 Nd8 18. Rae1 Ng7 19. Bh6 Nge6 20. Qg3 Bf8 21. Be3 Bg7 22. Nf3 c6 23. Rf2 Ra7 24. Ref1 Qe7 25. h4 h5 26. Qh3 c5 27. Bb3 c4 28. Bc2 Nf8 29. Ng5 Nfe6 30. Qf3 Nxg5 31. Bxg5 Qe6 32. g3 Rf8 33. Qg2 Re8 34. Bd1 Rf8 35. g4 hxg4 36. Bxg4 Qe8 37. Qxd5 Ne6 38. Rxf7 1-0

[Event "FIN-chT 1112"]
[Site "Finland"]
[Date "2011.11.19"]
[Round "5.5"]
[White "Makinen, Ilkka"]
[Black "Jarvenpaa, Jari"]
[Result "0-1"]
[WhiteElo "2154"]
[BlackElo "2266"]
[PlyCount "102"]
[EventDate "2011.09.17"]
[EventType "team-tourn"]
[EventRounds "11"]
[EventCountry "FIN"]
[SourceTitle "EXT 2013"]
[Source "ChessBase"]
[SourceDate "2012.11.22"]
[SourceVersion "1"]
[SourceVersionDate "2012.11.22"]
[SourceQuality "1"]
[WhiteTeam "Helsinki HSK"]
[BlackTeam "Salo SK"]
[WhiteTeamCountry "FIN"]
[BlackTeamCountry "FIN"]

1. Nf3 Nf6 2. g3 d6 3. Bg2 e5 4. d3 Be7 5. c4 0-0 6. 0-0 c6 7. c5 Bg4 8. cxd6 Qxd6 9. Nbd2 Nbd7 10. Nc4 Qc7 11. Bd2 Nd5 12. a3 Rad8 13. Qc2 Rfe8 14. Rac1 Bf8 15. b4 N5b6 16. Rfe1 h6 17. e4 Nxc4 18. dxc4 Nf6 19. c5 Nd7 20. Bc3 b6 21. cxb6 axb6 22. Bb2 c5 23. Re3 Qb7 24. b5 Bd6 25. Nd2 Nf8 26. Nc4 Bc7 27. Bf1 Qb8 28. Ree1 Qb7 29. Ne3 Bf3 30. Bg2 Bxg2 31. Kxg2 Ne6 32. Qc4 Ng5 33. Nf5 Kh7 34. h4 Ne6 35. f3 Rd2+ 36. Re2 Rxe2+ 37. Qxe2 Nd4 38. Bxd4 exd4 39. Qc4 Bb8 40. h5 g6 41. hxg6+ fxg6 42. Nh4 Qc7 43. Kh1 Kg7 44. Rg1 Qd7 45. Kg2 Be5 46. Rd1 Bf6 47. Qd5 Qxd5 48. exd5 Rd8 49. Re1 d3 50. Kf1 Bxh4 51. gxh4 Rxd5 0-1

[Event "FIN-chT 1011"]
[Site "Finland"]
[Date "2010.11.21"]
[Round "5.7"]
[White "Fraser, Scott"]
[Black "Makinen, Ilkka"]
[Result "1-0"]
[WhiteElo "2084"]
[BlackElo "2204"]
[PlyCount "69"]
[EventDate "2010.09.18"]
[EventType "team-tourn"]
[EventRounds "9"]
[EventCountry "FIN"]
[SourceTitle "EXT 2012"]
[Source "ChessBase"]
[SourceDate "2011.11.24"]
[SourceVersion "1"]
[SourceVersionDate "2011.11.24"]
[SourceQuality "1"]
[WhiteTeam "Mat SK II"]
[BlackTeam "Helsinki SSK"]
[WhiteTeamCountry "FIN"]
[BlackTeamCountry "FIN"]

1. Nf3 c5 2. c4 g6 3. d4 cxd4 4. Nxd4 Bg7 5. e4 Nc6 6. Nc2 d6 7. Be2 f5 8. exf5 Bxf5 9. 0-0 Nf6 10. Nc3 0-0 11. Ne3 Bd7 12. f4 Qb6 13. Kh1 Nd4 14. Bd3 Rae8 15. Ncd5 Nxd5 16. Nxd5 Qd8 17. Be3 e5 18. Qd2 Bc6 19. Nb4 Qa5 20. fxe5 Qxe5 21. Bf4 Qc5 22. Nxc6 Nxc6 23. Rad1 Re6 24. Bg3 Rfe8 25. Bf2 Qh5 26. Rde1 Ne5 27. Be2 Ng4 28. Bxg4 Qxg4 29. b3 Re2 30. Qxd6 Rxe1 31. Rxe1 Rxe1+ 32. Bxe1 Qe2 33. Qd5+ Kf8 34. Bb4+ Ke8 35. Qg8+ 1-0

[Event "FIN-chT 0910"]
[Site "Finland"]
[Date "2009.11.14"]
[Round "4.8"]
[White "Makinen, Ilkka"]
[Black "Alho, Sauli"]
[Result "0-1"]
[WhiteElo "2172"]
[BlackElo "2154"]
[PlyCount "120"]
[EventDate "2009.09.19"]
[EventType "team-tourn"]
[EventRounds "9"]
[EventCountry "FIN"]
[SourceTitle "EXT 2022"]
[Source "ChessBase"]
[SourceDate "2021.10.06"]
[SourceVersion "1"]
[SourceVersionDate "2021.10.06"]
[SourceQuality "1"]
[WhiteTeam "Helsinki HSK"]
[BlackTeam "Sastamala VammSK"]
[WhiteTeamCountry "FIN"]
[BlackTeamCountry "FIN"]

1. g3 d5 2. Bg2 e5 3. d3 Nf6 4. Nd2 Bd6 5. e4 c6 6. Ngf3 0-0 7. 0-0 Bg4 8. h3 Bh5 9. c3 Nbd7 10. Re1 Re8 11. Qc2 Qc7 12. Nh4 Nb6 13. Nf1 Rad8 14. Bg5 dxe4 15. dxe4 Nbd7 16. Nf5 Bc5 17. b4 Bf8 18. a3 h6 19. Be3 c5 20. Qa2 Bg6 21. Nd2 b5 22. g4 Nb6 23. Nh4 Bh7 24. g5 hxg5 25. Bxg5 Be7 26. Nf5 Bxf5 27. exf5 Nfd5 28. Bxe7 Qxe7 29. Ne4 cxb4 30. cxb4 Nf4 31. f6 gxf6 32. Re3 Kh8 33. Ng3 Nc4 34. Be4 Rd2 35. Qb3 Nxh3+ 36. Kh2 Nxf2 37. Nf5 Nxe4+ 38. Kh1 Nf2+ 39. Kg1 Rg8+ 40. Kf1 Nxe3+ 41. Qxe3 Qf8 42. Qxd2 Ng4 43. Ke2 Rg5 44. Rh1+ Kg8 45. Qd7 Qa8 46. Qc6 Qxc6 47. Ne7+ Kg7 48. Nxc6 e4 49. Nxa7 Re5 50. Rc1 f5 51. Rc5 f4 52. Rxe5 f3+ 53. Kf1 Nxe5 54. Nxb5 e3 55. Nd4 Kf6 56. b5 e2+ 57. Nxe2 fxe2+ 58. Kxe2 Ke6 59. a4 Nc4 60. Kf3 Ke5 0-1

[Event "Espoo We MatSK"]
[Site "Espoo"]
[Date "2009.??.??"]
[Round "1"]
[White "Makinen, Ilkka"]
[Black "Miettinen, Teemu"]
[Result "1/2-1/2"]
[WhiteElo "2156"]
[BlackElo "2028"]
[PlyCount "76"]
[EventDate "2009.??.??"]
[EventType "swiss"]
[EventRounds "5"]
[EventCountry "FIN"]
[SourceTitle "EXT 2011"]
[Source "ChessBase"]
[SourceDate "2010.11.26"]
[SourceVersion "1"]
[SourceVersionDate "2010.11.26"]
[SourceQuality "1"]

1. c4 Nf6 2. Nc3 g6 3. e4 d6 4. d4 Bg7 5. Be2 0-0 6. Nf3 Nc6 7. d5 Nb8 8. 0-0 Bg4 9. Re1 Nfd7 10. Be3 a5 11. Rc1 Na6 12. Qd2 Nac5 13. Bh6 Bxf3 14. gxf3 e5 15. Be3 f5 16. exf5 gxf5 17. f4 Qh4 18. Kh1 Rae8 19. Rg1 Kh8 20. Rg5 exf4 21. Bxf4 Rxe2 22. Nxe2 Ne4 23. Qe3 Nxf2+ 24. Kg2 Ne4 25. Rxg7 Kxg7 26. Rg1 Kh8 27. Ng3 Nxg3 28. hxg3 Qf6 29. b3 Ne5 30. Re1 Ng6 31. Bg5 Qf7 32. Bh6 Rc8 33. Qc3+ Kg8 34. Re6 f4 35. Rf6 Qe7 36. Bxf4 Qe2+ 37. Kg1 Re8 38. Bh6 Qe1+ 1/2-1/2

[Event "Espoo We MatSK"]
[Site "Espoo"]
[Date "2009.??.??"]
[Round "5"]
[White "Makinen, Ilkka"]
[Black "Porrasmaa, Timo"]
[Result "1-0"]
[WhiteElo "2156"]
[BlackElo "2141"]
[PlyCount "101"]
[EventDate "2009.??.??"]
[EventType "swiss"]
[EventRounds "5"]
[EventCountry "FIN"]
[SourceTitle "EXT 2011"]
[Source "ChessBase"]
[SourceDate "2010.11.26"]
[SourceVersion "1"]
[SourceVersionDate "2010.11.26"]
[SourceQuality "1"]

1. c4 g6 2. Nc3 Bg7 3. g3 Nf6 4. Bg2 0-0 5. d4 d6 6. Nf3 Nbd7 7. 0-0 e5 8. e4 a6 9. d5 Nc5 10. Ne1 a5 11. a3 c6 12. Rb1 cxd5 13. cxd5 Bg4 14. f3 Bd7 15. b4 axb4 16. axb4 Na4 17. Nxa4 Rxa4 18. b5 Qb6+ 19. Kh1 Ra5 20. Nc2 Rxb5 21. Be3 Qa5 22. Ra1 Qc3 23. Bd2 Qc7 24. Na3 Rc5 25. Bb4 b5 26. Qe2 Rb8 27. Rfb1 Qb7 28. Bxc5 dxc5 29. Bf1 b4 30. Nc4 Ne8 31. Qa2 f5 32. Na5 Qb6 33. Nc6 Rb7 34. Ba6 Rc7 35. d6+ Kf8 36. Nd8 Nxd6 37. Ne6+ Bxe6 38. Qxe6 Re7 39. Qd5 Bh6 40. Rd1 Nf7 41. Bc4 Be3 42. Ra8+ Kg7 43. Rda1 Bd4 44. R1a6 Qc7 45. h4 Rd7 46. Qe6 Bf2 47. Qf6+ Kh6 48. Bxf7 Rxf7 49. Qg5+ Kg7 50. h5 Rf8 51. h6+ 1-0

[Event "Helsinki We KapSK op"]
[Site "Helsinki"]
[Date "2008.??.??"]
[Round "3"]
[White "Aaltio, Erkki"]
[Black "Makinen, Ilkka"]
[Result "1/2-1/2"]
[WhiteElo "2111"]
[BlackElo "2127"]
[PlyCount "64"]
[EventDate "2008.??.??"]
[EventType "swiss"]
[EventRounds "5"]
[EventCountry "FIN"]
[SourceTitle "EXT 2010"]
[Source "ChessBase"]
[SourceDate "2010.11.25"]
[SourceVersion "1"]
[SourceVersionDate "2010.11.25"]
[SourceQuality "1"]

1. d4 Nf6 2. c4 g6 3. Nc3 Bg7 4. e4 d6 5. Be2 0-0 6. Bg5 Nbd7 7. Qd2 e5 8. d5 a5 9. h4 Nc5 10. f3 Qd7 11. g4 Ne8 12. h5 f6 13. Be3 f5 14. hxg6 fxg4 15. 0-0-0 Nf6 16. Qe1 hxg6 17. fxg4 Nxg4 18. Bxc5 dxc5 19. Nf3 Rf4 20. Qg3 Ra6 21. Rdg1 Qe7 22. d6 Rxd6 23. Nd5 Qf8 24. Nxf4 exf4 25. Qh4 Nh6 26. Rd1 Bd7 27. Rxd6 cxd6 28. Qg5 Kh7 29. Bd3 Bf6 30. Rxh6+ Qxh6 31. Qxf6 Qh1+ 32. Kc2 Qxf3 1/2-1/2

[Event "Jarvenpaa We JarvSK"]
[Site "Jarvenpaa"]
[Date "2008.??.??"]
[Round "3"]
[White "Aijala, Jouko"]
[Black "Makinen, Ilkka"]
[Result "0-1"]
[WhiteElo "2146"]
[BlackElo "2127"]
[PlyCount "60"]
[EventDate "2008.??.??"]
[EventType "swiss"]
[EventRounds "5"]
[EventCountry "FIN"]
[SourceTitle "EXT 2022"]
[Source "ChessBase"]
[SourceDate "2021.10.06"]
[SourceVersion "1"]
[SourceVersionDate "2021.10.06"]
[SourceQuality "1"]

1. e4 g6 2. d4 Bg7 3. Nf3 c6 4. c4 d6 5. h3 Nd7 6. Nc3 e5 7. Be3 Ngf6 8. Qd2 Qe7 9. dxe5 dxe5 10. Bd3 0-0 11. Rd1 Nh5 12. Nh2 Nc5 13. Be2 Nf6 14. Qc2 Ne6 15. Nf3 Nh5 16. g3 f5 17. exf5 gxf5 18. Nh4 f4 19. Bxh5 fxe3 20. 0-0 Nd4 21. Qe4 Bxh3 22. Rxd4 Qg5 23. Bg4 Bxf1 24. Be6+ Kh8 25. Ng6+ hxg6 26. Qh1+ Bh6 27. Rh4 exf2+ 28. Kh2 Bd3 29. Bh3 f1Q 30. Bxf1 Rxf1 0-1

[Event "Lahti We LahS"]
[Site "Lahti"]
[Date "2008.??.??"]
[Round "3"]
[White "Lonnqvist, Henrik"]
[Black "Makinen, Ilkka"]
[Result "0-1"]
[WhiteElo "2146"]
[BlackElo "2127"]
[PlyCount "52"]
[EventDate "2008.??.??"]
[EventType "swiss"]
[EventRounds "5"]
[EventCountry "FIN"]
[SourceTitle "EXT 2022"]
[Source "ChessBase"]
[SourceDate "2021.10.06"]
[SourceVersion "1"]
[SourceVersionDate "2021.10.06"]
[SourceQuality "1"]

1. e4 g6 2. d4 Bg7 3. c4 d6 4. Nc3 Nd7 5. Be3 e5 6. f3 f5 7. Qd2 Ngf6 8. 0-0-0 0-0 9. dxe5 Nxe5 10. Bg5 Qe8 11. h4 fxe4 12. fxe4 Nfg4 13. Nh3 h6 14. Bf4 Be6 15. b3 Nc6 16. Be2 Qf7 17. Nd5 Nd4 18. Bd3 Qd7 19. Rhf1 c6 20. Ne3 Ne5 21. Bb1 c5 22. Nc2 Ng4 23. Nf2 Rxf4 24. Nxd4 Bxd4 25. Nxg4 Rxg4 26. Qxh6 Qg7 0-1

[Event "Helsinki We KapSK op"]
[Site "Helsinki"]
[Date "2008.??.??"]
[Round "2"]
[White "Makinen, Ilkka"]
[Black "Lonnqvist, Henrik"]
[Result "0-1"]
[WhiteElo "2127"]
[BlackElo "2146"]
[PlyCount "70"]
[EventDate "2008.??.??"]
[EventType "swiss"]
[EventRounds "5"]
[EventCountry "FIN"]
[SourceTitle "EXT 2010"]
[Source "ChessBase"]
[SourceDate "2010.11.25"]
[SourceVersion "1"]
[SourceVersionDate "2010.11.25"]
[SourceQuality "1"]

1. Nf3 Nf6 2. c4 g6 3. d4 c5 4. d5 Bg7 5. Nc3 d6 6. e4 e6 7. Be2 0-0 8. 0-0 exd5 9. cxd5 Bg4 10. h3 Bxf3 11. Bxf3 Nfd7 12. Re1 Ne5 13. Be2 g5 14. f4 gxf4 15. Bxf4 Qh4 16. Rf1 f5 17. Qd2 a6 18. Rad1 Nbd7 19. Qc1 Rae8 20. Bg5 Qg3 21. Bh5 Nd3 22. Rf3 Bd4+ 23. Kh1 Qxf3 24. gxf3 Nxc1 25. Bxe8 Rxe8 26. Rxc1 Ne5 27. Ne2 Bxb2 28. Rc2 Nxf3 29. Rxb2 Nxg5 30. Nf4 Rxe4 31. Nh5 Re1+ 32. Kg2 Re7 33. h4 Ne4 34. Kf3 Kf7 35. Rg2 b5 0-1

[Event "Jarvenpaa We JarvSK"]
[Site "Jarvenpaa"]
[Date "2008.??.??"]
[Round "4"]
[White "Makinen, Ilkka"]
[Black "Rautanen, Sari"]
[Result "1/2-1/2"]
[WhiteElo "2127"]
[BlackElo "1961"]
[PlyCount "66"]
[EventDate "2008.??.??"]
[EventType "swiss"]
[EventRounds "5"]
[EventCountry "FIN"]
[SourceTitle "EXT 2022"]
[Source "ChessBase"]
[SourceDate "2021.10.06"]
[SourceVersion "1"]
[SourceVersionDate "2021.10.06"]
[SourceQuality "1"]

1. Nf3 d6 2. g3 e5 3. d3 Be7 4. Bg2 f5 5. e4 fxe4 6. dxe4 Nf6 7. Nc3 0-0 8. Qd3 c6 9. Bd2 Kh8 10. 0-0-0 Be6 11. h3 Na6 12. Kb1 Qc7 13. Ng5 Bg8 14. f4 h6 15. h4 Nc5 16. Qe2 b5 17. Rde1 b4 18. Nd1 Qa5 19. b3 Na4 20. Qf3 Rab8 21. Bh3 Nc5 22. f5 Qc7 23. Bf1 a5 24. Bc1 a4 25. Rh2 d5 26. Bb2 dxe4 27. Qe2 axb3 28. cxb3 Nd3 29. Nxe4 Nxe1 30. Qxe1 Nxe4 31. Qxe4 Bd6 32. Ne3 Rbe8 33. Rc2 c5 1/2-1/2